[Event "DSJ Weihnachtsturnier U20w 2020"]
[Site "https://play.chessbase.com/en/play?room=DSJWeihnachtU20w"]
[Date "2020.12.29"]
[Round "2"]
[White "Schneider, Jana"]
[Black "Roncea, Andrea-Alexandra"]
[Result "1-0"]
[Termination "normal"]
[Board "1.1"]
[WhiteTitle "FM"]
[WhiteElo "2272"]
[BlackElo "1619"]
[WhiteTeam "SC Bavaria Regensburg von 1881"]
[BlackTeam "SC Papenburg"]
[PlyCount "137"]
[WhiteFideId "12924997"]
[BlackFideId "16233115"]
[EventRounds "7"]
[EventType "team-swiss"]
[EventDate "2020.12.29"]

1. e4 {[%emt 0:00:12]} e5 {[%emt 0:00:02]} 2. Nf3 {[%emt 0:00:04]} Nc6 { [%emt
0:00:02]} 3. Bc4 {[%emt 0:00:03]} Bc5 {[%emt 0:00:02]} 4. c3 {[%emt 0:00: 02]}
Nf6 {[%emt 0:00:02]} 5. d3 {[%emt 0:00:02]} a6 {[%emt 0:00:03]} 6. Bb3 { [%emt
0:00:07]} Ba7 {[%emt 0:00:03]} 7. Nbd2 {[%emt 0:00:10]} d6 {[%emt 0:00: 03]} 8.
O-O {[%emt 0:00:06]} O-O {[%emt 0:00:02]} 9. h3 {[%emt 0:00:10]} Ne7 { [%emt
0:00:06]} 10. Re1 {[%emt 0:00:05]} Ng6 {[%emt 0:00:04]} 11. Nf1 {[%emt 0:
00:02]} c6 {[%emt 0:00:09]} 12. Ng3 {[%emt 0:00:04]} h6 {[%emt 0:00:05]} 13. d4
{[%emt 0:01:10]} b5 {[%emt 0:00:09]} 14. Be3 {[%emt 0:00:23]} Bb7 {[%emt 0:00:
12]} 15. dxe5 {[%emt 0:00:10]} dxe5 {[%emt 0:00:06]} 16. Bxa7 {[%emt 0:00:05]}
Rxa7 {[%emt 0:00:02]} 17. Qe2 {[%emt 0:00:37]} c5 {[%emt 0:00:11]} 18. Qe3 {
[%emt 0:00:14]} Qe7 {[%emt 0:00:08]} 19. Nf5 {[%emt 0:00:05]} Qc7 {[%emt 0:00:
16]} 20. Bc2 {[%emt 0:00:30]} Raa8 {[%emt 0:00:16]} 21. Rad1 {[%emt 0:00:08]}
Rad8 {[%emt 0:00:05]} 22. c4 {[%emt 0:01:34]} Nf4 {[%emt 0:00:42]} 23. cxb5 {
[%emt 0:00:12]} axb5 {[%emt 0:00:03]} 24. Nh2 {[%emt 0:00:53]} Ne6 {[%emt 0:00:
25]} 25. Rxd8 {[%emt 0:00:39]} Rxd8 {[%emt 0:00:03]} 26. Nxh6+ {[%emt 0:00:04]}
gxh6 {[%emt 0:01:06]} 27. Qxh6 {[%emt 0:00:02]} Nh7 {[%emt 0:00:18]} 28. Re3 {
[%emt 0:00:12]} Nf4 {[%emt 0:01:12]} 29. Rg3+ {[%emt 0:00:24]} Ng6 {[%emt 0:00:
02]} 30. h4 {[%emt 0:00:08]} Qd7 {[%emt 0:02:03]} 31. Nf3 {[%emt 0:00:05]} Qe8
{[%emt 0:00:34]} 32. h5 {[%emt 0:00:04]} Qf8 {[%emt 0:00:04]} 33. Qxf8+ { [%emt
0:00:16]} Nhxf8 {[%emt 0:00:01]} 34. hxg6 {[%emt 0:00:02]} Nxg6 {[%emt 0:
00:09]} 35. Nxe5 {[%emt 0:00:04]} Rd2 {[%emt 0:00:17]} 36. Nxg6 {[%emt 0:00:08]
} fxg6 {[%emt 0:00:00]} 37. Rc3 {[%emt 0:00:06]} c4 {[%emt 0:00:09]} 38. a4 {
[%emt 0:00:25]} Ba6 {[%emt 0:00:31]} 39. axb5 {[%emt 0:00:05]} Bxb5 {[%emt 0:
00:00]} 40. Kf1 {[%emt 0:00:06]} Kg7 {[%emt 0:00:08]} 41. Ke1 {[%emt 0:00:01]}
Rd4 {[%emt 0:00:03]} 42. Ke2 {[%emt 0:00:10]} Kf6 {[%emt 0:00:03]} 43. Ke3 {
[%emt 0:00:01]} Rd8 {[%emt 0:00:09]} 44. f4 {[%emt 0:00:02]} Rh8 {[%emt 0:00:
05]} 45. e5+ {[%emt 0:00:02]} Kg7 {[%emt 0:00:09]} 46. Be4 {[%emt 0:00:03]} Rd8
{[%emt 0:00:10]} 47. Rc1 {[%emt 0:00:13]} Re8 {[%emt 0:00:04]} 48. Ra1 { [%emt
0:00:02]} g5 {[%emt 0:00:03]} 49. Ra7+ {[%emt 0:00:04]} Kf8 {[%emt 0:00: 04]}
50. g3 {[%emt 0:00:03]} gxf4+ {[%emt 0:00:02]} 51. gxf4 {[%emt 0:00:00]} Rd8
{[%emt 0:00:17]} 52. e6 {[%emt 0:00:11]} Re8 {[%emt 0:00:07]} 53. f5 { [%emt
0:00:01]} Re7 {[%emt 0:00:16]} 54. Rxe7 {[%emt 0:00:20]} Kxe7 {[%emt 0: 00:00]}
55. Kd4 {[%emt 0:00:01]} Ba6 {[%emt 0:00:04]} 56. Ke5 {[%emt 0:00:03]} Bc8
{[%emt 0:00:02]} 57. f6+ {[%emt 0:00:01]} Ke8 {[%emt 0:00:05]} 58. Bd5 { [%emt
0:00:01]} c3 {[%emt 0:00:03]} 59. bxc3 {[%emt 0:00:02]} Bxe6 {[%emt 0:00: 05]}
60. Bxe6 {[%emt 0:00:02]} Kf8 {[%emt 0:00:00]} 61. f7 {[%emt 0:00:01]} Ke7
{[%emt 0:00:03]} 62. c4 {[%emt 0:00:02]} Kf8 {[%emt 0:00:01]} 63. Kd6 {[%emt 0:
00:01]} Kg7 {[%emt 0:00:01]} 64. Ke7 {[%emt 0:00:01]} Kh7 {[%emt 0:00:00]} 65.
f8=Q {[%emt 0:00:02]} Kg6 {[%emt 0:00:01]} 66. Qf6+ {[%emt 0:00:02]} Kh5 {
[%emt 0:00:01]} 67. Qg7 {[%emt 0:00:02]} Kh4 {[%emt 0:00:01]} 68. Kf6 {[%emt 0:
00:01]} Kh5 {[%emt 0:00:02]} 69. Qg5# {[%emt 0:00:02]} 1-0

[Event "DSJ Weihnachtsturnier U20w 2020"]
[Site "https://play.chessbase.com/en/play?room=DSJWeihnachtU20w"]
[Date "2020.12.29"]
[Round "2"]
[White "Zöllner, Bente"]
[Black "Mütsch, Annmarie"]
[Result "0-1"]
[Termination "normal"]
[Board "1.2"]
[BlackTitle "WIM"]
[WhiteElo "1614"]
[BlackElo "2236"]
[WhiteTeam "SC Papenburg"]
[BlackTeam "SC Bavaria Regensburg von 1881"]
[PlyCount "96"]
[WhiteFideId "16230523"]
[BlackFideId "12971367"]
[EventRounds "7"]
[EventType "team-swiss"]
[EventDate "2020.12.29"]

1. d4 {[%emt 0:00:09]} Nf6 {[%emt 0:00:04]} 2. Nf3 {[%emt 0:00:08]} g6 { [%emt
0:00:04]} 3. c4 {[%emt 0:00:04]} Bg7 {[%emt 0:00:02]} 4. Nc3 {[%emt 0:00: 02]}
d6 {[%emt 0:00:01]} 5. e4 {[%emt 0:00:02]} O-O {[%emt 0:00:03]} 6. h3 { [%emt
0:00:08]} e5 {[%emt 0:00:14]} 7. d5 {[%emt 0:00:05]} Nbd7 {[%emt 0:00:05] } 8.
Be3 {[%emt 0:00:09]} Nc5 {[%emt 0:00:06]} 9. Nd2 {[%emt 0:00:13]} a5 { [%emt
0:00:03]} 10. b3 {[%emt 0:00:42]} Bd7 {[%emt 0:00:22]} 11. Be2 {[%emt 0:
00:25]} b6 {[%emt 0:00:09]} 12. O-O {[%emt 0:00:06]} Ne8 {[%emt 0:00:17]} 13.
g4 {[%emt 0:00:02]} f5 {[%emt 0:00:05]} 14. gxf5 {[%emt 0:00:08]} gxf5 { [%emt
0:00:02]} 15. Kh2 {[%emt 0:00:11]} f4 {[%emt 0:01:38]} 16. Bxc5 {[%emt 0:
00:05]} bxc5 {[%emt 0:00:01]} 17. Rg1 {[%emt 0:00:17]} Qh4 {[%emt 0:00:07]} 18.
Bg4 {[%emt 0:00:10]} Rd8 {[%emt 0:02:28]} 19. Rb1 {[%emt 0:02:02]} Qxf2+ {
[%emt 0:00:23]} 20. Rg2 {[%emt 0:00:18]} Qh4 {[%emt 0:00:03]} 21. Qf3 {[%emt 0:
00:24]} Kh8 {[%emt 0:00:12]} 22. Rbg1 {[%emt 0:00:18]} Nf6 {[%emt 0:00:28]} 23.
Bf5 {[%emt 0:01:23]} Rg8 {[%emt 0:00:30]} 24. Bxd7 {[%emt 0:00:17]} Rxd7 {
[%emt 0:00:38]} 25. Qe2 {[%emt 0:00:12]} Qh6 {[%emt 0:00:26]} 26. Nf3 {[%emt 0:
00:35]} Nh5 {[%emt 0:00:53]} 27. Qd3 {[%emt 0:00:58]} Rdd8 {[%emt 0:00:18]} 28.
Ng5 {[%emt 0:00:30]} Rdf8 {[%emt 0:00:25]} 29. Qf3 {[%emt 0:00:25]} Ng3 { [%emt
0:00:07]} 30. Ne6 {[%emt 0:00:16]} Rf7 {[%emt 0:00:04]} 31. Ne2 {[%emt 0:
00:02]} Nxe2 {[%emt 0:00:05]} 32. Rxe2 {[%emt 0:00:03]} Bf6 {[%emt 0:00:15]}
33. Rxg8+ {[%emt 0:00:07]} Kxg8 {[%emt 0:00:02]} 34. Rg2+ {[%emt 0:00:01]} Bg7
{[%emt 0:00:05]} 35. Qg4 {[%emt 0:00:07]} Qf6 {[%emt 0:00:08]} 36. Qf3 { [%emt
0:00:03]} Kh8 {[%emt 0:00:03]} 37. Rg4 {[%emt 0:00:02]} c6 {[%emt 0:00: 09]}
38. Kg2 {[%emt 0:00:02]} cxd5 {[%emt 0:00:01]} 39. exd5 {[%emt 0:00:01]} Qf5
{[%emt 0:00:03]} 40. Rg5 {[%emt 0:00:02]} Qc2+ {[%emt 0:00:02]} 41. Qf2 { [%emt
0:00:02]} Qxf2+ {[%emt 0:00:02]} 42. Kxf2 {[%emt 0:00:00]} e4 {[%emt 0: 00:02]}
43. Rg4 {[%emt 0:00:03]} Bd4+ {[%emt 0:00:03]} 44. Ke2 {[%emt 0:00:02]} f3+
{[%emt 0:00:01]} 45. Kf1 {[%emt 0:00:01]} e3 {[%emt 0:00:03]} 46. Rg3 { [%emt
0:00:03]} e2+ {[%emt 0:00:01]} 47. Ke1 {[%emt 0:00:01]} Bc3+ {[%emt 0:00: 01]}
48. Kf2 {[%emt 0:00:01]} e1=Q# {[%emt 0:00:02]} 0-1

[Event "DSJ Weihnachtsturnier U20w 2020"]
[Site "https://play.chessbase.com/en/play?room=DSJWeihnachtU20w"]
[Date "2020.12.29"]
[Round "2"]
[White "Arnhold, Steffi"]
[Black "Evering, Enna"]
[Result "1-0"]
[Termination "normal"]
[Board "1.3"]
[WhiteElo "2031"]
[BlackElo "1568"]
[WhiteTeam "SC Bavaria Regensburg von 1881"]
[BlackTeam "SC Papenburg"]
[PlyCount "103"]
[WhiteFideId "12931365"]
[BlackFideId "16218213"]
[EventRounds "7"]
[EventType "team-swiss"]
[EventDate "2020.12.29"]

1. e4 {[%emt 0:00:03]} e5 {[%emt 0:00:04]} 2. Nf3 {[%emt 0:00:03]} Nc6 { [%emt
0:00:03]} 3. Bc4 {[%emt 0:00:02]} Nf6 {[%emt 0:00:03]} 4. d3 {[%emt 0:00: 02]}
Be7 {[%emt 0:00:02]} 5. Nbd2 {[%emt 0:00:05]} O-O {[%emt 0:00:05]} 6. O-O
{[%emt 0:00:02]} d6 {[%emt 0:00:06]} 7. Re1 {[%emt 0:00:01]} Na5 {[%emt 0:00:
11]} 8. Bb5 {[%emt 0:00:02]} a6 {[%emt 0:00:13]} 9. Ba4 {[%emt 0:00:03]} b5 {
[%emt 0:00:02]} 10. Bb3 {[%emt 0:00:02]} Bg4 {[%emt 0:00:16]} 11. c3 {[%emt 0:
00:04]} Nxb3 {[%emt 0:00:03]} 12. axb3 {[%emt 0:00:00]} Re8 {[%emt 0:00:13]}
13. h3 {[%emt 0:00:04]} Bh5 {[%emt 0:00:06]} 14. Nf1 {[%emt 0:00:01]} Bf8 {
[%emt 0:00:22]} 15. Ng3 {[%emt 0:00:04]} Bg6 {[%emt 0:00:01]} 16. Nh4 {[%emt 0:
00:22]} c6 {[%emt 0:01:13]} 17. Ngf5 {[%emt 0:00:16]} Bxf5 {[%emt 0:00:37]} 18.
Nxf5 {[%emt 0:00:00]} g6 {[%emt 0:00:06]} 19. Nh6+ {[%emt 0:00:10]} Bxh6 {
[%emt 0:00:16]} 20. Bxh6 {[%emt 0:00:00]} Re7 {[%emt 0:00:20]} 21. Bg5 { [%emt
0:00:10]} Re6 {[%emt 0:00:19]} 22. Qf3 {[%emt 0:00:02]} Kg7 {[%emt 0:00: 18]}
23. d4 {[%emt 0:00:03]} Qe8 {[%emt 0:00:19]} 24. d5 {[%emt 0:00:04]} cxd5
{[%emt 0:00:05]} 25. exd5 {[%emt 0:00:00]} e4 {[%emt 0:00:38]} 26. Bxf6+ {
[%emt 0:00:08]} Rxf6 {[%emt 0:00:06]} 27. Qxe4 {[%emt 0:00:01]} Qd7 {[%emt 0:
00:15]} 28. c4 {[%emt 0:00:30]} Qa7 {[%emt 0:00:26]} 29. Qe3 {[%emt 0:00:04]}
Qb7 {[%emt 0:00:21]} 30. Qd4 {[%emt 0:00:10]} bxc4 {[%emt 0:00:09]} 31. bxc4 {
[%emt 0:00:00]} Rb8 {[%emt 0:00:10]} 32. Rab1 {[%emt 0:00:15]} Qb6 {[%emt 0:00:
07]} 33. Qxb6 {[%emt 0:00:05]} Rxb6 {[%emt 0:00:02]} 34. b4 {[%emt 0:00:01]}
Rf4 {[%emt 0:00:04]} 35. c5 {[%emt 0:00:06]} Rfxb4 {[%emt 0:00:39]} 36. Rxb4 {
[%emt 0:00:04]} Rxb4 {[%emt 0:00:04]} 37. c6 {[%emt 0:00:02]} Rc4 {[%emt 0:00:
06]} 38. Ra1 {[%emt 0:00:14]} Kf6 {[%emt 0:00:27]} 39. Rxa6 {[%emt 0:00:04]}
Ke7 {[%emt 0:00:10]} 40. Kf1 {[%emt 0:00:07]} Kd8 {[%emt 0:00:11]} 41. Ra7 {
[%emt 0:00:02]} Rc5 {[%emt 0:00:13]} 42. Rd7+ {[%emt 0:00:02]} Kc8 {[%emt 0:00:
09]} 43. Rxd6 {[%emt 0:00:00]} Kc7 {[%emt 0:00:03]} 44. Rd7+ {[%emt 0:00:01]}
Kc8 {[%emt 0:00:01]} 45. Ke2 {[%emt 0:00:02]} f5 {[%emt 0:00:05]} 46. Ke3 {
[%emt 0:00:02]} Rc1 {[%emt 0:00:12]} 47. Rxh7 {[%emt 0:00:03]} Rc5 {[%emt 0:00:
07]} 48. Kd4 {[%emt 0:00:01]} Rc2 {[%emt 0:00:02]} 49. Ke5 {[%emt 0:00:01]}
Rxf2 {[%emt 0:00:09]} 50. Kd6 {[%emt 0:00:01]} Re2 {[%emt 0:00:09]} 51. Rh8+ {
[%emt 0:00:03]} Re8 {[%emt 0:00:09]} 52. Rxe8# {[%emt 0:00:02]} 1-0

[Event "DSJ Weihnachtsturnier U20w 2020"]
[Site "https://play.chessbase.com/en/play?room=DSJWeihnachtU20w"]
[Date "2020.12.29"]
[Round "2"]
[White "Evering, Kira"]
[Black "Pavlov, Liliane"]
[Result "0-1"]
[Termination "normal"]
[Board "1.4"]
[WhiteElo "1386"]
[BlackElo "1740"]
[WhiteTeam "SC Papenburg"]
[BlackTeam "SC Bavaria Regensburg von 1881"]
[PlyCount "70"]
[WhiteFideId "16218221"]
[BlackFideId "16225449"]
[EventRounds "7"]
[EventType "team-swiss"]
[EventDate "2020.12.29"]

1. e4 {[%emt 0:00:05]} c5 {[%emt 0:00:17]} 2. Nf3 {[%emt 0:00:03]} d6 {[%emt 0:
00:11]} 3. d4 {[%emt 0:00:11]} cxd4 {[%emt 0:00:05]} 4. Nxd4 {[%emt 0:00:23]}
Nf6 {[%emt 0:00:03]} 5. Nc3 {[%emt 0:00:06]} a6 {[%emt 0:00:04]} 6. a4 { [%emt
0:01:09]} e5 {[%emt 0:00:09]} 7. Nb3 {[%emt 0:00:05]} Be6 {[%emt 0:00:05] } 8.
Be3 {[%emt 0:00:49]} Be7 {[%emt 0:00:04]} 9. Be2 {[%emt 0:00:25]} O-O { [%emt
0:00:02]} 10. Qd2 {[%emt 0:00:28]} Nc6 {[%emt 0:00:38]} 11. O-O {[%emt 0:
00:40]} Rc8 {[%emt 0:00:06]} 12. Rad1 {[%emt 0:00:06]} Qd7 {[%emt 0:00:32]} 13.
f3 {[%emt 0:00:22]} Rfd8 {[%emt 0:00:08]} 14. Nd5 {[%emt 0:00:43]} h6 {[%emt 0:
00:33]} 15. Nb6 {[%emt 0:00:22]} Qc7 {[%emt 0:00:06]} 16. Nxc8 {[%emt 0:00:02]}
Bxc8 {[%emt 0:00:03]} 17. Bc4 {[%emt 0:00:48]} Nb8 {[%emt 0:00:16]} 18. Bd5 {
[%emt 0:00:28]} Nxd5 {[%emt 0:00:05]} 19. exd5 {[%emt 0:00:02]} Bf5 {[%emt 0:
00:03]} 20. Rc1 {[%emt 0:00:32]} Nd7 {[%emt 0:00:09]} 21. c4 {[%emt 0:00:26]}
Nb6 {[%emt 0:00:13]} 22. Bxb6 {[%emt 0:00:05]} Qxb6+ {[%emt 0:00:02]} 23. Nd4 {
[%emt 0:01:32]} exd4 {[%emt 0:00:30]} 24. Rfe1 {[%emt 0:00:04]} d3+ {[%emt 0:
00:17]} 25. Kh1 {[%emt 0:00:14]} Bf6 {[%emt 0:00:07]} 26. Rcd1 {[%emt 0:00:15]}
Rc8 {[%emt 0:00:05]} 27. Qe3 {[%emt 0:00:16]} Qxb2 {[%emt 0:00:33]} 28. Rd2 {
[%emt 0:00:02]} Qd4 {[%emt 0:00:05]} 29. Qxd4 {[%emt 0:00:04]} Bxd4 {[%emt 0:
00:02]} 30. Red1 {[%emt 0:00:08]} Be3 {[%emt 0:00:13]} 31. Ra2 {[%emt 0:00:02]}
Rxc4 {[%emt 0:00:03]} 32. Rb2 {[%emt 0:00:02]} b6 {[%emt 0:00:03]} 33. a5 {
[%emt 0:00:04]} b5 {[%emt 0:00:02]} 34. Rb3 {[%emt 0:00:03]} d2 {[%emt 0:00:26]
} 35. g4 {[%emt 0:00:06]} Rc1 {[%emt 0:00:08] Zeit} 0-1

[Event "DSJ Weihnachtsturnier U20w 2020"]
[Site "https://play.chessbase.com/en/play?room=DSJWeihnachtU20w"]
[Date "2020.12.29"]
[Round "2"]
[White "Müdder, Melanie"]
[Black "Hubert, Charlotte"]
[Result "1-0"]
[Termination "normal"]
[Board "2.2"]
[WhiteElo "1950"]
[BlackElo "1549"]
[WhiteTeam "Schachgesellschaft Solingen"]
[BlackTeam "Hamburger SK von 1830"]
[PlyCount "41"]
[WhiteFideId "12994103"]
[BlackFideId "16265920"]
[EventRounds "7"]
[EventType "team-swiss"]
[EventDate "2020.12.29"]

1. e4 {[%emt 0:00:04]} c5 {[%emt 0:00:02]} 2. Nf3 {[%emt 0:00:02]} d6 {[%emt 0:
00:01]} 3. d4 {[%emt 0:00:01]} cxd4 {[%emt 0:00:01]} 4. Nxd4 {[%emt 0:00:02]}
Nf6 {[%emt 0:00:01]} 5. Nc3 {[%emt 0:00:02]} a6 {[%emt 0:00:02]} 6. h3 { [%emt
0:00:02]} e6 {[%emt 0:00:18]} 7. g4 {[%emt 0:00:04]} Nfd7 {[%emt 0:00:18] } 8.
g5 {[%emt 0:00:25]} b5 {[%emt 0:00:32]} 9. a3 {[%emt 0:00:11]} Bb7 { [%emt
0:00:37]} 10. Be3 {[%emt 0:00:11]} Nb6 {[%emt 0:00:51]} 11. Qd2 {[%emt 0:
00:45]} Qc7 {[%emt 0:01:04]} 12. h4 {[%emt 0:00:21]} N8d7 {[%emt 0:00:18]} 13.
h5 {[%emt 0:00:51]} Ne5 {[%emt 0:00:40]} 14. O-O-O {[%emt 0:00:54]} Nec4 {
[%emt 0:00:32]} 15. Bxc4 {[%emt 0:00:05]} Nxc4 {[%emt 0:00:02]} 16. Qd3 { [%emt
0:00:07]} Nxe3 {[%emt 0:00:13]} 17. Qxe3 {[%emt 0:00:04]} Be7 {[%emt 0: 00:08]}
18. g6 {[%emt 0:00:09]} Bc8 {[%emt 0:02:01]} 19. h6 {[%emt 0:01:13]} hxg6
{[%emt 0:01:40]} 20. hxg7 {[%emt 0:00:13]} Rg8 {[%emt 0:00:04]} 21. Rh8 { [%emt
0:00:14]} 1-0

[Event "DSJ Weihnachtsturnier U20w 2020"]
[Site "https://play.chessbase.com/en/play?room=DSJWeihnachtU20w"]
[Date "2020.12.29"]
[Round "2"]
[White "Wartenberg, Alissa"]
[Black "Butenandt, Svenja"]
[Result "0-1"]
[Termination "normal"]
[Board "2.3"]
[WhiteElo "1562"]
[BlackElo "2014"]
[WhiteTeam "Hamburger SK von 1830"]
[BlackTeam "Schachgesellschaft Solingen"]
[PlyCount "136"]
[WhiteFideId "16280741"]
[BlackFideId "12993859"]
[EventRounds "7"]
[EventType "team-swiss"]
[EventDate "2020.12.29"]

1. e4 {[%emt 0:00:11] HSK02-003 reconnected.} c5 {[%emt 0:00:04]} 2. Nf3 {
[%emt 0:00:03]} e6 {[%emt 0:00:02]} 3. d4 {[%emt 0:00:03]} cxd4 {[%emt 0:00:01]
} 4. Nxd4 {[%emt 0:00:02]} a6 {[%emt 0:00:01]} 5. c4 {[%emt 0:00:13]} Nf6 {
[%emt 0:00:17]} 6. Nc3 {[%emt 0:00:05]} d6 {[%emt 0:00:17]} 7. Be3 {[%emt 0:00:
09]} b6 {[%emt 0:00:07]} 8. f3 {[%emt 0:00:07]} Bb7 {[%emt 0:00:03]} 9. Qd2 {
[%emt 0:00:10]} Qc7 {[%emt 0:00:10]} 10. Be2 {[%emt 0:00:32]} Be7 {[%emt 0:00:
04] HSK02-003 reconnected.} 11. O-O-O {[%emt 0:01:54]} Nbd7 {[%emt 0:00:16]}
12. Kb1 {[%emt 0:00:07]} Ne5 {[%emt 0:00:10]} 13. Rc1 {[%emt 0:00:34]} Rc8 {
[%emt 0:01:54]} 14. Na4 {[%emt 0:01:03]} O-O {[%emt 0:01:20]} 15. g4 {[%emt 0:
00:50]} Nxe4 {[%emt 0:01:10]} 16. fxe4 {[%emt 0:00:44]} Bxe4+ {[%emt 0:00:02]}
17. Ka1 {[%emt 0:00:02]} Bxh1 {[%emt 0:00:01]} 18. Rxh1 {[%emt 0:00:02]} Qb7 {
[%emt 0:01:05] HSK02-003 reconnected.} 19. Rc1 {[%emt 0:00:28]} Rfd8 {[%emt 0:
00:40]} 20. Nb3 {[%emt 0:01:29] HSK02-003 reconnected.} b5 {[%emt 0:01:43]} 21.
cxb5 {[%emt 0:00:19]} Rxc1+ {[%emt 0:00:03]} 22. Qxc1 {[%emt 0:00:04]} axb5 {
[%emt 0:00:01]} 23. Nc3 {[%emt 0:00:13]} Rc8 {[%emt 0:00:05]} 24. Qf1 {[%emt 0:
00:24]} d5 {[%emt 0:00:18]} 25. Bd4 {[%emt 0:00:15]} Nc4 {[%emt 0:00:05]} 26.
Bxc4 {[%emt 0:00:10]} bxc4 {[%emt 0:00:02]} 27. Nd2 {[%emt 0:00:07]} Rb8 {
[%emt 0:00:03]} 28. Qb1 {[%emt 0:00:10]} Qc7 {[%emt 0:00:14]} 29. h3 {[%emt 0:
00:10]} Qg3 {[%emt 0:00:16]} 30. Qc1 {[%emt 0:00:06]} Qxh3 {[%emt 0:00:04]} 31.
g5 {[%emt 0:00:02]} Bxg5 {[%emt 0:00:07]} 32. Qg1 {[%emt 0:00:02]} Bh6 { [%emt
0:00:11]} 33. Qc1 {[%emt 0:00:03]} g6 {[%emt 0:00:01]} 34. Bc5 {[%emt 0:
00:03]} Bg7 {[%emt 0:00:01]} 35. Ba3 {[%emt 0:00:02]} Bxc3 {[%emt 0:00:01]} 36.
bxc3 {[%emt 0:00:03]} Qd3 {[%emt 0:00:02]} 37. Bb2 {[%emt 0:00:02]} Qf5 { [%emt
0:00:02]} 38. Qe1 {[%emt 0:00:02]} Qc2 {[%emt 0:00:03]} 39. Qc1 {[%emt 0:
00:02]} Qxc1+ {[%emt 0:00:01]} 40. Bxc1 {[%emt 0:00:02]} h5 {[%emt 0:00:00]}
41. Bb2 {[%emt 0:00:02]} g5 {[%emt 0:00:01]} 42. a4 {[%emt 0:00:01]} Ra8 {
[%emt 0:00:03]} 43. Kb1 {[%emt 0:00:01]} Rxa4 {[%emt 0:00:01]} 44. Kc1 { [%emt
0:00:01]} g4 {[%emt 0:00:01]} 45. Kd1 {[%emt 0:00:01]} Ra8 {[%emt 0:00: 01]}
46. Ke1 {[%emt 0:00:02]} Kh7 {[%emt 0:00:01]} 47. Kf2 {[%emt 0:00:01]} h4
{[%emt 0:00:01]} 48. Bc1 {[%emt 0:00:04]} g3+ {[%emt 0:00:04]} 49. Kg2 { [%emt
0:00:02]} Ra2 {[%emt 0:00:02]} 50. Kh3 {[%emt 0:00:04]} Rc2 {[%emt 0:00: 03]}
51. Kg2 {[%emt 0:00:03]} Rxc1 {[%emt 0:00:01]} 52. Nf3 {[%emt 0:00:02]} Rc2+
{[%emt 0:00:01]} 53. Kh3 {[%emt 0:00:02]} Rxc3 {[%emt 0:00:03]} 54. Nxh4 {
[%emt 0:00:02]} d4 {[%emt 0:00:01]} 55. Kg2 {[%emt 0:00:02]} d3 {[%emt 0:00:03]
} 56. Nf3 {[%emt 0:00:02]} Rc2+ {[%emt 0:00:01]} 57. Kxg3 {[%emt 0:00:01]} d2 {
[%emt 0:00:01]} 58. Nxd2 {[%emt 0:00:03]} Rxd2 {[%emt 0:00:01]} 59. Kf3 { [%emt
0:00:01]} c3 {[%emt 0:00:01]} 60. Ke3 {[%emt 0:00:01]} Rd8 {[%emt 0:00: 00]}
61. Ke2 {[%emt 0:00:01]} c2 {[%emt 0:00:00]} 62. Ke3 {[%emt 0:00:01]} c1=Q+
{[%emt 0:00:01]} 63. Ke2 {[%emt 0:00:01]} Qd1+ {[%emt 0:00:01]} 64. Ke3 { [%emt
0:00:01]} Qe1+ {[%emt 0:00:04]} 65. Kf3 {[%emt 0:00:02]} Rd2 {[%emt 0:00: 02]}
66. Kf4 {[%emt 0:00:02]} Rf2+ {[%emt 0:00:01]} 67. Kg3 {[%emt 0:00:02]} Qg1+
{[%emt 0:00:01]} 68. Kh4 {[%emt 0:00:02]} Rh2# {[%emt 0:00:00]} 0-1

[Event "DSJ Weihnachtsturnier U20w 2020"]
[Site "https://play.chessbase.com/en/play?room=DSJWeihnachtU20w"]
[Date "2020.12.29"]
[Round "2"]
[White "Sereda, Yaroslava"]
[Black "Genova, Magdalina"]
[Result "1-0"]
[Termination "normal"]
[Board "2.4"]
[WhiteElo "1750"]
[BlackElo "1341"]
[WhiteTeam "Schachgesellschaft Solingen"]
[BlackTeam "Hamburger SK von 1830"]
[PlyCount "109"]
[WhiteFideId "14178940"]
[BlackFideId "2919753"]
[EventRounds "7"]
[EventType "team-swiss"]
[EventDate "2020.12.29"]

1. e4 {[%emt 0:00:11]} c5 {[%emt 0:00:02]} 2. Nf3 {[%emt 0:00:03]} d6 {[%emt 0:
00:01]} 3. d4 {[%emt 0:00:04]} cxd4 {[%emt 0:00:01]} 4. Nxd4 {[%emt 0:00:03]}
Nf6 {[%emt 0:00:01]} 5. Nc3 {[%emt 0:00:04]} a6 {[%emt 0:00:01]} 6. g3 { [%emt
0:02:00]} b5 {[%emt 0:03:09]} 7. Bg2 {[%emt 0:00:30]} Bb7 {[%emt 0:00:02] } 8.
O-O {[%emt 0:00:17]} Qc7 {[%emt 0:00:19]} 9. Be3 {[%emt 0:00:17]} e6 { [%emt
0:00:09]} 10. a4 {[%emt 0:01:01]} b4 {[%emt 0:00:22]} 11. Na2 {[%emt 0: 00:17]}
Bxe4 {[%emt 0:00:43]} 12. Bxe4 {[%emt 0:00:13]} Nxe4 {[%emt 0:00:00]} 13. Nxb4
{[%emt 0:00:05]} Be7 {[%emt 0:00:39]} 14. Qg4 {[%emt 0:00:34]} Qb7 { [%emt
0:01:10]} 15. Nd3 {[%emt 0:00:41]} Bf6 {[%emt 0:00:21]} 16. a5 {[%emt 0:
01:04]} d5 {[%emt 0:00:33]} 17. f3 {[%emt 0:00:50]} Nd6 {[%emt 0:00:05]} 18.
Nc5 {[%emt 0:00:40]} Qc8 {[%emt 0:00:49]} 19. b4 {[%emt 0:00:44]} O-O {[%emt 0:
00:03]} 20. Rad1 {[%emt 0:00:05]} Nc4 {[%emt 0:00:03]} 21. Bg5 {[%emt 0:00:17]}
Bxg5 {[%emt 0:00:09]} 22. Qxg5 {[%emt 0:00:02]} Qd8 {[%emt 0:00:05]} 23. Qc1 {
[%emt 0:00:20]} Nd7 {[%emt 0:00:08]} 24. Nxd7 {[%emt 0:00:10]} Qxd7 {[%emt 0:
00:00]} 25. Kf2 {[%emt 0:00:06]} Rab8 {[%emt 0:00:04]} 26. c3 {[%emt 0:00:02]}
Rfc8 {[%emt 0:00:03]} 27. Rfe1 {[%emt 0:00:04]} Rc7 {[%emt 0:00:05]} 28. Rd3 {
[%emt 0:00:03] . HSK02-004 reconnected.} Rbc8 {[%emt 0:00:28]} 29. Nb3 { [%emt
0:00:03]} Ne5 {[%emt 0:00:03]} 30. Rxe5 {[%emt 0:00:07] .} Rc6 {[%emt 0:
00:01]} 31. Nc5 {[%emt 0:00:02]} Qc7 {[%emt 0:00:02]} 32. Re1 {[%emt 0:00:01]}
Rxc5 {[%emt 0:00:03]} 33. bxc5 {[%emt 0:00:01]} Qxc5+ {[%emt 0:00:00]} 34. Kg2
{[%emt 0:00:01]} Qc4 {[%emt 0:00:01]} 35. Red1 {[%emt 0:00:02]} Qc5 {[%emt 0:
00:02]} 36. Qb2 {[%emt 0:00:01]} Qxa5 {[%emt 0:00:01]} 37. Qb4 {[%emt 0:00:01]}
Qc7 {[%emt 0:00:02]} 38. Rc1 {[%emt 0:00:03]} h6 {[%emt 0:00:02]} 39. Rd4 {
[%emt 0:00:01]} Kh7 {[%emt 0:00:02]} 40. c4 {[%emt 0:00:01]} Rb8 {[%emt 0:00:
01]} 41. Qc3 {[%emt 0:00:02]} Rc8 {[%emt 0:00:05]} 42. Qd3+ {[%emt 0:00:04]}
Kg8 {[%emt 0:00:05]} 43. c5 {[%emt 0:00:07] HSK02-004 reconnected.} Rb8 { [%emt
0:00:42]} 44. Rb1 {[%emt 0:00:03]} Rxb1 {[%emt 0:00:02]} 45. Qxb1 { [%emt
0:00:01]} Qxc5 {[%emt 0:00:00]} 46. Rb4 {[%emt 0:00:01]} g6 {[%emt 0:00: 04]}
47. Rb8+ {[%emt 0:00:01]} Kg7 {[%emt 0:00:01]} 48. Rb7 {[%emt 0:00:01]} Qd4
{[%emt 0:00:02]} 49. Qc2 {[%emt 0:00:03]} a5 {[%emt 0:00:02]} 50. Qc7 { [%emt
0:00:02]} Qd2+ {[%emt 0:00:01]} 51. Kh3 {[%emt 0:00:01]} h5 {[%emt 0:00: 18]}
52. Qxf7+ {[%emt 0:00:01]} Kh6 {[%emt 0:00:01]} 53. Qf8+ {[%emt 0:00:02]} Kg5
{[%emt 0:00:02]} 54. f4+ {[%emt 0:00:01]} Qxf4 {[%emt 0:00:02]} 55. Qxf4# {
[%emt 0:00:02]} 1-0